Sejarah tingkatan 2

Bibliographic Details
Format: Book
Published: PJ : Sasbadi Sdn. Bhd , 2014
Subjects:

MARC

LEADER 00000cam a2200000 7i4500
001 0000060796
005 20160308.0
008 160308
020 |a 9789835970214 
090 0 0 |a 959.50076   |b SEJ 
245 1 0 |a Sejarah tingkatan 2 
260 |a PJ :   |b Sasbadi Sdn. Bhd ,   |c 2014 
300 |a 84 p. :   |b col. ill. ;   |c 29.6 cm. 
650 0 |a Malaysia   |x History 
999 |a 0001393162   |b Book   |c REFERENCE   |e Perbadanan Perpustakaan Awam Johor